[Event "AUTO-OPEN-3408"]
[Site "http://www.queenalice.com/game.php?id=1331252"]
[Date "2014.12.28"]
[Round "1"]
[White "Skartarys"]
[Black "holandes"]
[Result "0-1"]
[WhiteElo "2065"]
[BlackElo "1956"]

1. e4 c5 2. Nf3 f5 3. exf5 Nc6 4. Nc3 d5 5. d4 Bxf5 6. Bb5 a6 7. Bd3 Bg4 8. dxc5
e5 9. Nxd5 Bxc5 10. Ne3 Bxe3 11. Bxe3 Qe7 12. Be2 Nf6 13. c3 Rd8 14. Qa4 e4 15.
Nd4 Bxe2 16. Nxc6 bxc6 17. Qxc6+ Kf7 18. Kxe2 Rd6 19. Qc4+ Nd5 20. Bc5 Qe6 21.
Qb3 Nf4+ 22. Kf1 Rd2 23. Be3 Rxb2 24. Qxe6+ Nxe6 25. g3 Rc8 26. Bd4 Nxd4 27.
cxd4 Rcc2 28. Kg2 Rxf2+ 29. Kh3 Ke6 30. a4 Kd5 31. a5 e3 32. g4 g5 33. Ra3 Rf3#
0-1

[Event "AUTO-OPEN-3408"]
[Site "http://www.queenalice.com/game.php?id=1331265"]
[Date "2014.12.28"]
[Round "1"]
[White "Skartarys"]
[Black "HugosPaynos"]
[Result "1-0"]
[WhiteElo "2058"]
[BlackElo "1100"]

1. e4 e6 2. d4 d5 3. Nf3 dxe4 4. Ne5 a6 5. Be3 Nf6 6. Be2 Be7 7. Nd2 Nbd7 8. O-O
O-O 9. f3 exf3 10. Ndxf3 Nd5 11. Bf2 N7f6 12. Bd3 c5 13. dxc5 Bxc5 14. Bxc5 1-0

[Event "AUTO-OPEN-3408"]
[Site "http://www.queenalice.com/game.php?id=1331266"]
[Date "2014.12.28"]
[Round "1"]
[White "HugosPaynos"]
[Black "Skartarys"]
[Result "0-1"]
[WhiteElo "1100"]
[BlackElo "2070"]

1. Nf3 d5 2. d4 Nf6 3. h3 Bf5 4. a3 e6 5. Bf4 c5 6. e3 c4 7. c3 b5 8. b4 a5 9.
Nbd2 Nc6 10. Ne5 Nxe5 11. Bxe5 Nd7 12. Bh2 axb4 13. axb4 Be7 14. Be2 O-O 15. O-O
Nb6 16. Bg4 Bg6 17. Be2 Qd7 18. Bh5 Bxh5 19. Qxh5 Na4 20. e4 Nxc3 21. e5 Bxb4
22. Rxa8 Rxa8 23. Rb1 Nxb1 24. Nxb1 Ra1 0-1

[Event "AUTO-ADV-3221"]
[Site "http://www.queenalice.com/game.php?id=1332866"]
[Date "2015.1.5"]
[Round "2"]
[White "NimbleKnight"]
[Black "Skartarys"]
[Result "0-1"]
[WhiteElo "2115"]
[BlackElo "2046"]

1. e4 e5 2. Nf3 Nc6 3. Bb5 Nd4 4. Nxd4 exd4 5. O-O a6 6. Bc4 d6 7. c3 dxc3 8.
Nxc3 Nf6 9. d3 Be7 10. f4 O-O 11. e5 dxe5 12. fxe5 Qd4+ 13. Kh1 Ng4 14. Qe2 Qxe5
15. Qxe5 Nxe5 16. Bf4 Nxc4 17. dxc4 c6 18. Rfe1 Be6 19. b3 Rad8 20. Ne4 Rd3 21.
Rad1 Rfd8 22. Rxd3 Rxd3 23. Nf2 Rd7 24. h3 Bb4 25. Rf1 a5 26. g4 b5 27. cxb5
cxb5 28. Re1 Bxe1 0-1

[Event "AUTO-MASTER-2263"]
[Site "http://www.queenalice.com/game.php?id=1346724"]
[Date "2015.3.10"]
[Round "1"]
[White "favazza2007"]
[Black "Skartarys"]
[Result "0-1"]
[WhiteElo "2024"]
[BlackElo "2055"]

1. c4 b6 2. Nc3 Bb7 3. Nf3 d6 4. g3 Nf6 5. Bg2 Nc6 6. O-O e5 7. d3 Be7 8. Bg5
O-O 9. Bxf6 Bxf6 10. Nd5 a5 11. Nd2 g6 12. Ne4 Bg7 13. Qc1 Nd4 14. e3 Bxd5 15.
exd4 Be6 16. d5 Bd7 17. Rb1 f5 18. Ng5 Rc8 19. Ne6 Bxe6 20. dxe6 c6 21. b4 axb4
22. Rxb4 Re8 23. Qb1 d5 24. Rxb6 e4 25. dxe4 dxe4 26. Rd1 Bd4 27. Rb4 c5 28. Rb6
Qf6 29. Qb5 Rxe6 30. Rxe6 Qxe6 31. a4 Qd6 32. Kf1 Qc7 33. a5 Rb8 34. Qa6 Rb2 35.
Qe6+ Kg7 36. a6 Rxf2+ 37. Ke1 Qa5+ 38. Rd2 Qxd2# 0-1

[Event "AUTO-MASTER-2263"]
[Site "http://www.queenalice.com/game.php?id=1346725"]
[Date "2015.3.10"]
[Round "1"]
[White "Skartarys"]
[Black "favazza2007"]
[Result "1-0"]
[WhiteElo "2080"]
[BlackElo "1868"]

1. e4 d5 2. exd5 Nf6 3. Bb5+ Bd7 4. Bc4 b5 5. Bb3 e6 6. dxe6 Bxe6 7. Qe2 Qd7 8.
Nf3 Bd6 9. Nd4 Ke7 10. Nxb5 a6 11. Nxd6 cxd6 12. O-O Re8 13. Qf3 Nc6 14. Bxe6
fxe6 15. d3 Rf8 16. Nc3 Ne5 17. Qd1 h6 18. Re1 g5 19. d4 Ng6 20. b3 Kf7 21. Ba3
Kg7 22. d5 e5 23. Na4 Rab8 24. c4 Nh4 25. Nc3 Rf7 26. g3 Nf5 27. Ne4 Nxe4 28.
Rxe4 Nd4 29. Rxd4 exd4 30. Qxd4+ Kg6 31. Re1 Re8 32. Re6+ Rxe6 33. dxe6 Qxe6 34.
Qxd6 Qxd6 35. Bxd6 Kf5 36. Kg2 Ke4 37. a3 Kd3 38. c5 Rd7 39. f4 g4 40. h3 h5 41.
hxg4 hxg4 42. Kf2 Kc3 43. b4 Kb3 44. Ke3 Kxa3 45. Ke4 Kxb4 46. Ke5 Kb5 47. Ke6
Kc6 48. f5 a5 49. f6 a4 50. f7 Rxf7 51. Kxf7 a3 52. Bf8 a2 53. Bg7 Kxc5 54. Ke6
Kc4 55. Kf5 Kd5 56. Kxg4 Ke4 57. Kg5 Kf3 58. g4 Ke4 59. Kh6 Kf4 60. g5 Kf5 61.
g6 Ke6 62. Kh7 Ke7 63. Ba1 Kf8 64. g7+ Ke7 65. g8=Q Kd6 66. Qg5 Ke6 67. Qe5+ Kd7
68. Kg7 Kc6 69. Kf7 Kd7 70. Qd5+ Kc7 71. Ke7 Kb6 72. Kd7 Ka6 73. Qc6+ Ka5 74.
Bc3# 1-0

[Event "AUTO-MASTER-2263"]
[Site "http://www.queenalice.com/game.php?id=1346740"]
[Date "2015.3.10"]
[Round "1"]
[White "BEBADO"]
[Black "Skartarys"]
[Result "1-0"]
[WhiteElo "2250"]
[BlackElo "2064"]

1. e4 c5 2. Nf3 Nc6 3. d4 cxd4 4. Nxd4 d6 5. Nc3 Nf6 6. Bg5 e6 7. Qd2 Qb6 8. Nb3
Nd7 9. O-O-O a5 10. Be3 Nc5 11. Na4 Nxb3+ 12. cxb3 Qc7 13. Kb1 Be7 14. Nb6 Rb8
15. Nc4 b5 16. Nxd6+ Bxd6 17. Qxd6 Qxd6 18. Rxd6 Bd7 19. Be2 Rb7 20. Rhd1 e5 21.
R1d5 1-0

[Event "AUTO-MASTER-2263"]
[Site "http://www.queenalice.com/game.php?id=1346741"]
[Date "2015.3.10"]
[Round "1"]
[White "Skartarys"]
[Black "BEBADO"]
[Result "0-1"]
[WhiteElo "2086"]
[BlackElo "2273"]

1. d4 Nf6 2. g4 Nxg4 3. e4 d6 4. Be2 Nf6 5. Nc3 e5 6. Bc4 Nc6 7. Bb5 Bd7 8. Bxc6
Bxc6 9. d5 Bd7 10. Be3 Ng4 11. Qd2 Be7 12. Nf3 f5 13. exf5 Bxf5 14. h3 Nxe3 15.
Qxe3 O-O 16. O-O-O Qd7 17. Rdg1 Kh8 18. Ne4 Bxe4 19. Qxe4 Qf5 20. Qxf5 Rxf5 21.
Nd2 Rxf2 22. Ne4 Rf4 23. Re1 Raf8 24. c4 Bh4 25. Re2 Rf1+ 26. Rxf1 Rxf1+ 27. Kc2
b6 28. Re3 Kg8 29. b4 Re1 30. Rxe1 Bxe1 31. a3 Bh4 32. a4 Kf7 33. c5 bxc5 34.
bxc5 Be7 35. cxd6 cxd6 36. a5 Ke8 37. a6 Kd7 38. Nf2 Kc7 39. Nd3 Kb6 40. Nb4 Bh4
0-1

[Event "AUTO-MASTER-2263"]
[Site "http://www.queenalice.com/game.php?id=1346752"]
[Date "2015.3.10"]
[Round "1"]
[White "Skartarys"]
[Black "Strogonoff"]
[Result "1-0"]
[WhiteElo "2070"]
[BlackElo "1882"]

1. e4 e5 2. Nf3 Nc6 3. Bb5 d6 4. d4 exd4 5. Nxd4 Bd7 6. Nxc6 Bxc6 7. Bxc6+ bxc6
8. Nc3 Nf6 9. O-O Be7 10. Bf4 O-O 11. Bg3 Qd7 12. Qe2 Qe6 13. Rad1 Ng4 14. Qa6
c5 15. Nd5 Rfc8 16. c4 c6 17. Nxe7+ Qxe7 18. Rxd6 Qxe4 19. h3 Nf6 20. Rfd1 h6
21. b3 Nh5 22. f3 Qf5 23. Bf2 Nf4 24. Rxc6 Rxc6 25. Qxc6 Rc8 26. Qd7 Qxd7 27.
Rxd7 a6 28. Rd6 Ne2+ 29. Kh2 Ra8 30. Bxc5 Nc3 31. a3 Nb1 32. a4 Nc3 33. Bf2 Rb8
34. Rb6 Rxb6 35. Bxb6 Nb1 36. b4 Nd2 37. c5 Nc4 38. b5 axb5 39. axb5 Kf8 40. Bc7
Ke8 41. c6 1-0

[Event "AUTO-MASTER-2263"]
[Site "http://www.queenalice.com/game.php?id=1346753"]
[Date "2015.3.10"]
[Round "1"]
[White "Strogonoff"]
[Black "Skartarys"]
[Result "0-1"]
[WhiteElo "1874"]
[BlackElo "2078"]

1. e4 e5 2. Nf3 Nc6 3. d4 exd4 4. Nxd4 Nxd4 5. Qxd4 d6 6. Nc3 Nf6 7. Bg5 Be7 8.
Bd3 c5 9. Qa4+ Bd7 10. Bb5 a6 11. Bxd7+ Nxd7 12. Bxe7 Qxe7 13. O-O O-O 14. Nd5
Qd8 15. f4 b5 16. Qb3 Nf6 17. Qf3 Nxd5 18. exd5 Re8 19. Rfe1 Ra7 20. Kf2 Rae7
21. Rxe7 Rxe7 22. Re1 Rxe1 23. Kxe1 Qa5+ 24. Ke2 Qxa2 25. Qe4 Qc4+ 26. Qxc4 bxc4
27. Kd2 Kf8 28. Kc3 Ke7 29. Kxc4 Kf6 30. g4 h5 31. h3 hxg4 32. hxg4 g5 33. f5
Ke5 34. c3 f6 35. b4 cxb4 36. cxb4 Kf4 37. b5 axb5+ 38. Kxb5 Ke4 39. Kc6 Ke5 40.
Kd7 Kxd5 41. Ke7 Ke5 0-1

[Event "AUTO-ADV-3274"]
[Site "http://www.queenalice.com/game.php?id=1349948"]
[Date "2015.3.25"]
[Round "2"]
[White "bouley"]
[Black "Skartarys"]
[Result "1/2-1/2"]
[WhiteElo "2108"]
[BlackElo "2077"]

1. e4 e5 2. Bc4 Nf6 3. Nc3 c6 4. Nf3 d5 5. exd5 cxd5 6. Bb3 d4 7. Ne2 Bd6 8. d3
Nc6 9. Ng5 O-O 10. O-O h6 11. Ne4 Nxe4 12. dxe4 Kh8 13. Ng3 f5 14. exf5 Bxf5 15.
Nxf5 Rxf5 16. Qg4 Qf6 17. Bd2 Rf8 18. f3 h5 19. Qe4 Bc5 20. Kh1 b6 21. Bd5 Ne7
22. Bb3 Ng6 23. Rae1 h4 24. h3 Bd6 25. Qc6 Nf4 26. Bxf4 Rxf4 27. Bd5 Qe7 28. Re4
Qc7 29. Rxf4 exf4 30. Re1 Qxc6 31. Bxc6 Rf7 32. Re8+ Rf8 33. Rxf8+ Bxf8 34. Kg1
Bc5 35. Kf1 a6 36. Ke2 g5 37. Kd3 Kg7 38. Ke4 Kf6 39. a3 a5 40. a4 Ke6 1/2-1/2

[Event "AUTO-ADV-3274"]
[Site "http://www.queenalice.com/game.php?id=1349949"]
[Date "2015.3.25"]
[Round "2"]
[White "Skartarys"]
[Black "bouley"]
[Result "0-1"]
[WhiteElo "2038"]
[BlackElo "1898"]

1. e4 Nc6 2. d4 d5 3. exd5 Qxd5 4. Be3 Nf6 5. Nc3 Qa5 6. Bd3 e6 7. Ne2 Bd6 8. h3
Nb4 9. O-O O-O 10. a3 Nbd5 11. Nxd5 Nxd5 12. Bd2 Qb6 13. c4 Qxb2 14. cxd5 exd5
15. Bc3 Qb6 16. Rb1 Qc6 17. Bb5 Qb6 18. Qd2 a6 19. Ba4 Qa7 20. Bb4 Bxb4 21. Qxb4
b5 22. Bb3 c6 23. Qc3 Bd7 24. Qg3 Qb8 25. Nf4 g6 26. Rfe1 Qd6 27. Bc2 Kh8 28. h4
Rfe8 29. h5 Qf6 30. hxg6 fxg6 31. Qh2 Bf5 32. Bxf5 Qxf5 33. Qg3 Re4 34. Rxe4
Qxe4 35. Rd1 Rf8 36. Nh3 Qe2 37. Rd3 Re8 38. Re3 Qd1+ 39. Kh2 Rf8 40. Qe5+ Kg8
41. Nf4 Qg4 42. Qe6+ Qxe6 43. Nxe6 Re8 44. Nc5 Rxe3 45. fxe3 a5 46. Kg3 Kf7 47.
Kf4 Kf6 48. g4 h6 49. Nb3 Ke7 50. Nxa5 Kd7 51. Nb3 Kd6 0-1

[Event "AUTO-OPEN-3461"]
[Site "http://www.queenalice.com/game.php?id=1351334"]
[Date "2015.4.2"]
[Round "1"]
[White "LuisGabriel_HD"]
[Black "Skartarys"]
[Result "1-0"]
[WhiteElo "1833"]
[BlackElo "2063"]

1. e4 e5 2. Nf3 Nc6 3. Bb5 a6 4. Bxc6 dxc6 5. d4 exd4 6. Qxd4 Qxd4 7. Nxd4 Bd6
8. O-O Nf6 9. Re1 O-O 10. Nf3 Ng4 11. h3 Ne5 12. Nxe5 Bxe5 13. f4 Bd4+ 14. Kh2
f6 15. Nc3 Bxc3 16. bxc3 Re8 17. f5 Bxf5 18. Bb2 Rxe4 19. Rxe4 Bxe4 20. Rc1 Rd8
21. Kg3 Rd2 22. c4 Rxg2+ 23. Kf4 f5 24. Be5 Rxc2 25. Rxc2 Bxc2 26. Bxc7 Kf7 27.
Be5 b5 28. c5 h6 29. h4 g6 30. Bd6 a5 31. Ke3 g5 32. hxg5 hxg5 33. Kf3 b4 34.
Ke3 a4 35. Be5 Ke6 36. Bd4 Kd5 37. Bf6 g4 38. Kd2 b3 39. axb3 axb3 40. Ke3 Kxc5
41. Kd2 Kd5 42. Ke3 Be4 43. Ke2 1-0

[Event "AUTO-OPEN-3461"]
[Site "http://www.queenalice.com/game.php?id=1351335"]
[Date "2015.4.2"]
[Round "1"]
[White "Skartarys"]
[Black "LuisGabriel_HD"]
[Result "0-1"]
[WhiteElo "2090"]
[BlackElo "1806"]

1. e4 e5 2. Nf3 Nc6 3. Bb5 Bc5 4. O-O d6 5. h3 Nf6 6. d3 h6 7. Bxc6+ bxc6 8. b3
O-O 9. Ba3 Bxa3 10. Nxa3 Re8 11. Nc4 d5 12. Ncxe5 Qd6 13. exd5 Rxe5 14. Nxe5
Qxe5 15. dxc6 Qg5 16. Kh1 Nd5 17. Qf3 Nf4 18. Rae1 Be6 19. c4 Rd8 20. Re3 Bf5
21. g4 Bxd3 22. Rd1 Kh7 23. Rexd3 Nxd3 24. Rxd3 Re8 25. Qxf7 Re1+ 26. Kg2 Re7
27. Qd5 Qg6 28. Rd2 Re6 29. Qf5 Rxc6 30. Qxg6+ Kxg6 31. Rd5 Ra6 32. a4 Rb6 33.
Rb5 Rd6 34. Rb7 Rd3 35. b4 Rb3 36. b5 Rb4 37. Rxc7 Rxa4 38. Kg3 Kf6 39. c5 Rb4
40. Rxa7 Rxb5 41. c6 Rc5 42. c7 Ke6 43. c8=B+ Rxc8 0-1

[Event "AUTO-OPEN-3461"]
[Site "http://www.queenalice.com/game.php?id=1351360"]
[Date "2015.4.2"]
[Round "1"]
[White "janeil"]
[Black "Skartarys"]
[Result "1-0"]
[WhiteElo "2476"]
[BlackElo "2079"]

1. e4 d6 2. d4 c6 3. Nc3 Nf6 4. f4 Nbd7 5. Nf3 Qa5 6. Bd2 e5 7. Bc4 Be7 8. fxe5
dxe5 9. dxe5 Nxe5 10. Nd5 Nxf3+ 11. Qxf3 Qc5 12. Nc7+ Kd8 13. O-O-O Bg4 14. Be3+
Kxc7 15. Qg3+ Bd6 16. Rxd6 Nxe4 17. Rd7+ Kxd7 18. Qxg4+ f5 19. Qxg7+ Qe7 20.
Rd1+ Nd6 21. Rxd6+ Kxd6 22. Qd4+ Kc7 23. Bf4+ 1-0

[Event "AUTO-OPEN-3461"]
[Site "http://www.queenalice.com/game.php?id=1351361"]
[Date "2015.4.2"]
[Round "1"]
[White "Skartarys"]
[Black "janeil"]
[Result "0-1"]
[WhiteElo "2077"]
[BlackElo "2469"]

1. e4 c5 2. c3 Nf6 3. e5 Nd5 4. d4 cxd4 5. cxd4 d6 6. Nf3 Nc6 7. Bc4 Nb6 8. Bb3
d5 9. O-O Bg4 10. Be3 e6 11. Nbd2 Bb4 12. h3 Bxd2 13. Qxd2 Bxf3 14. gxf3 Nc4 15.
Bxc4 dxc4 16. Kh2 Qd5 17. Qe2 Nxd4 18. Bxd4 Qxd4 19. Rfd1 Qf4+ 20. Kg2 b5 21.
Rd4 Qxd4 0-1

[Event "AUTO-OPEN-3461"]
[Site "http://www.queenalice.com/game.php?id=1351376"]
[Date "2015.4.2"]
[Round "1"]
[White "TheOperator"]
[Black "Skartarys"]
[Result "0-1"]
[WhiteElo "1531"]
[BlackElo "2078"]

1. e4 e5 2. Nc3 Nc6 3. Nf3 Nf6 4. Bc4 Be7 5. O-O O-O 6. d3 d6 7. Nh4 Nxe4 8.
dxe4 Bxh4 9. g3 Bg5 10. Be2 Bxc1 11. Qxc1 f5 12. exf5 Bxf5 13. Bf3 Bh3 14. Re1
Rxf3 15. Ne4 Rf8 16. Qd2 Nd4 17. Ng5 Bf5 18. c3 Qxg5 0-1

[Event "AUTO-OPEN-3461"]
[Site "http://www.queenalice.com/game.php?id=1351377"]
[Date "2015.4.2"]
[Round "1"]
[White "Skartarys"]
[Black "TheOperator"]
[Result "1-0"]
[WhiteElo "2088"]
[BlackElo "1535"]

1. e4 e5 2. Nf3 Nc6 3. Bb5 Nf6 4. O-O Be7 5. d3 O-O 6. Bxc6 dxc6 7. Nxe5 Qd6 8.
Nf3 Qd8 9. Bf4 c5 10. Nbd2 b6 11. Nc4 Nh5 12. Bg3 Nxg3 13. fxg3 Bb7 14. c3 c6
15. Ne3 Bf6 16. e5 Bg5 17. Nxg5 Qxg5 18. Ng4 f5 19. exf6 gxf6 20. Qf3 Kg7 21.
Rae1 Rf7 22. Ne5 Re7 23. Nc4 Rd7 24. Re4 Kf8 25. Rg4 Qh6 26. Qxf6+ Qxf6 27.
Rxf6+ Ke8 28. Re4+ Kd8 29. Nd6 Rxd6 30. Rxd6+ 1-0